Instrumentos para corriente contínua : primera y segunda parte primera y segunda parte
Publicado:
Barcelona :
Escuela Elemental del Trabajo de la Diputación Provincial de Barcelona (E.E.T. Artes Gráficas) ,
1949
Descripción Física:
116 p. : il. ; 21 cm
Otros Autores:
Escola Elemental del Treball (Barcelona)
Materias:
Maquinària elèctrica -- Corrent continu
MARC
| LEADER | 00000nam a2200000Ia 4500 | ||
|---|---|---|---|
| 001 | 1991 | ||
| 008 | 160829s1949 xx 000 0 cat d | ||
| 080 | |a C-1-409 | ||
| 245 | |a Instrumentos para corriente contínua : |b primera y segunda parte | ||
| 260 | |a Barcelona : |b Escuela Elemental del Trabajo de la Diputación Provincial de Barcelona (E.E.T. Artes Gráficas), |c 1949 | ||
| 300 | |a 116 p. : |b il. ; |c 21 cm | ||
| 590 | |a A la part superior de la portada, Publicaciones del Servicio de Extensión de Enseñanzas Técnicas. Editorial y Escuela por correspondencia | ||
| 650 | |a Maquinària elèctrica |x Corrent continu |9 23898 | ||
| 700 | |a Escola Elemental del Treball (Barcelona) |9 55345 | ||
| 901 | |a Arxiu | ||
| 942 | |n 1 | ||
| 952 | |0 0 |1 0 |4 0 |6 C1409 |7 1 |9 46410 |a Arxiu |b Arxiu |d 2016-12-01 |l 0 |o C-1-409 |p 1991 |r 2016-12-01 00:00:00 |w 2016-12-01 |y ARXIU | ||
| 999 | |c 50195 |d 50195 | ||